Statistics for Scott Caan Filmography

Click here to take the quiz!

General Stats

  • This quiz has been taken 6 times
    (2 since last reset)
  • The average score is 24 of 50

Answer Stats

TypeYearName% Correct
Film2001Ocean's Eleven
100%
Film2007Ocean's Thirteen
100%
Film2004Ocean's Twelve
100%
Film20133 Geezers!
50%
Film1995Aaron Gillespie Will Make You a Star
50%
Film2010A Beginner's Guide to Endings
50%
Film1995A Boy Called Hate
50%
TV Show2023-PresentAlert: Missing Persons Unit
50%
Film2001American Outlaws
50%
Film1999Black and White
50%
Film2000Boiler Room
50%
Film1998Bongwater
50%
Film2007Brooklyn Rules
50%
TV Pilot2009Cop House
50%
Film2003Dallas 362
50%
Film2009Deep in the Valley
50%
Film1998Enemy of the State
50%
TV Show2009-2011Entourage
50%
Film2006Friends with Money
50%
Film2000Gone in 60 Seconds
50%
TV Show2010-2020Hawaii Five-0
50%
Film2004In Enemy Hands
50%
Film2005Into the Blue
50%
TV Film2006Jump
50%
Film1995Last Resort
50%
Short Film2002Life Makes Sense If You're Famous
50%
Film2006Lonely Hearts
50%
Film2008Meet Dave
50%
Film2009Mercy
50%
TV Show2012NCIS: Los Angeles
50%
Film2001Novocaine
50%
Film1997Nowhere
50%
Film1998Nowhere to Go
50%
Film2023One Day as a Lion
50%
Film2000Ready to Rumble
50%
Film2002Sonny
50%
Film1999Speed of Life
50%
Film2007Stories USA
50%
TV Short2006The Danny Comden Project
50%
Film2006The Dog Problem
50%
Film2016Two for One
50%
Film2018Untogether
50%
Film1999Varsity Blues
50%
TV Show2017Vice Principals
50%
Film1998Wild Horses
50%
Short Film2003Essentially Naked
0%
TV Pilot2006Learning to Fly
0%
Theater2012No Way Around But Through
0%
Film2015Rock the Kabash
0%
Theater2015The Trouble We Come From
0%

Score Distribution

Percentile by Number Answered

Percent of People with Each Score

Your Score History

You have not taken this quiz since the last reset